000 nam a22 7a 4500
999 _c44110
_d44110
003 OSt
005 20180503102947.0
008 180503b xxu||||| |||| 00| 0 eng d
040 _cIIMT UNIVERSITY, MEERUT
050 _a624.252KHA
_b296
082 _26TH
_a624.252KHA
_b296
100 _aKHANNA, S K. ARORA
245 _aAIRPORT PLANNING AND DESIGN
_cAUTHOR
_hENGLISH
250 _a6TH
260 _aROORKEE
_bNEM CHAND
_c2009
300 _b6TH ED.547 P P.
760 _b6TH
856 _3PAPERBACK
942 _2ddc
_c01
_e6TH
_hTITLE
_iBOOK
_k624.252KHA
_m624.252KHA